000
00293nam a2200121Ia 4500
005
20251222142009.0
008
251222s9999||||xx |||||||||||||| ||spa||
082
_a
658.402/C24
100
_a
Campoverde Ayres, José
245
0
_a
Eficacia con D.O.
264
_b
Técnico Gestión
942
_c
LIB
999
_c
10268
_d
10268